World Cup 2018 Group Match by Combined Population - Statistics

General Stats
  • This quiz has been taken 73 times
    62 since last reset
  • The average score is 13 of 20
Answer Stats
Match % Correct
Russia vs Saudi Arabia
89%
Mexico vs Germany
85%
Russia vs Egypt
81%
Nigeria vs Argentina
78%
Brazil vs Costa Rica
72%
Brazil vs Serbia
72%
Brazil vs Switzerland
72%
Japan vs Colombia
70%
Russia vs Uruguay
70%
Egypt vs Saudi Arabia
67%
Iran vs Spain
65%
Germany vs South Korea
63%
Japan vs Poland
61%
Japan vs Senegal
61%
Mexico vs Sweden
61%
Nigeria vs Croatia
59%
Mexico vs South Korea
54%
Nigeria vs Iceland
52%
Egypt vs Uruguay
48%
Iran vs Morocco
46%
No matching quizzes found
Score Distribution
Percent of People with Each Score
Percentile by Number Answered
Your Score History
You have not taken this quiz since the last reset